Normal view
MARC view
- Smith, D. Henry
Entry Personal Name
001 - CONTROL NUMBER
- control field: 134120
003 - CONTROL NUMBER IDENTIFIER
- control field: NUST
005 - DATE AND TIME OF LATEST TRANSACTION
- control field: 20260414185137.0
008 - FIXED-LENGTH DATA ELEMENTS
- fixed length control field: 260414|| aca||aabn | a|a d
040 ## - CATALOGING SOURCE
- Original cataloging agency: NUST
- Transcribing agency: NUST
100 ## - HEADING--PERSONAL NAME
- Personal name: Smith, D. Henry
670 ## - SOURCE DATA FOUND
- Source citation: Work cat.: (NUST): Smith, D. Henry., Asian Art Volume III Number 3 Summer 1990 /, 1990.
